Statistics for Recognizable Colors

Click here to take the quiz!

General Stats

  • This quiz has been taken 14 times
  • The average score is 6 of 16

Answer Stats

Answer% Correct
Coca-Cola
92%
John Deere
83%
Caterpillar
67%
UPS
67%
Pepsi
50%
Home Depot
42%
Target
42%
T Mobile
42%
Barbie
25%
Tiffany and Co.
25%
Post-It (3M)
17%
Cadbury
8%
Bottega Veneta
0%
Christian Louboutin
0%
Fiskars
0%
University of Texas
0%

Score Distribution

Percentile by Number Answered

Percent of People with Each Score

Your Score History

You have not taken this quiz